| 000 | 00756nam a2200265Ia 4500 | ||
|---|---|---|---|
| 001 | Para_5307 | ||
| 003 | CHAP | ||
| 008 | 220125s1922 xx 000 0 und d | ||
| 010 | _a203836 | ||
| 040 | _cCHAP | ||
| 090 | _aPA FOLLETO 2648 | ||
| 100 |
_aCampbell, Roy E _917977 |
||
| 245 |
_aNicotine dust for control of truck-crop insects / _c Roy E. Cambell |
||
| 260 |
_aWashington : _b Department of Agriculture |
||
| 300 | _a24 p. | ||
| 440 |
_aEUA. Dept. of Agriculture Farmers' bull.; 1282 _9169760 |
||
| 650 |
_aNicotina como insecticida _981215 |
||
| 901 | _aPA FOLLETO 2648 | ||
| 902 | _aA | ||
| 905 | _a0000001922 WAS 0000000000 00 | ||
| 910 | _a1922 | ||
| 942 | _cPARA | ||
| 942 |
_cPARA _d1 |
||
| 999 |
_c203836 _d203836 |
||